| 000 | 00396cam a2200157ua 4500 | ||
|---|---|---|---|
| 082 |
_a631.45 _bSCH/SO |
||
| 100 | _aSchwab, Glem O . | ||
| 245 | _aSoil and water management systems / | ||
| 250 | _a4 / | ||
| 260 |
_aLondon : _bJohn Wiley & Sons , _c1996. |
||
| 300 | _a371 ; . | ||
| 500 | _aReference ** | ||
| 700 | 1 | _aEliot, William J . | |
| 700 | 1 | _aFangmeier, Delmar D . | |
| 942 | _cBK | ||
| 999 |
_c10991 _d10991 |
||